[Event "Tatry Open"]
[Site "Tatranske Zruby SVK"]
[Date "2006.09.29"]
[Round "8"]
[White "Chovanec,M"]
[Black "Zambor,N"]
[Result "0-1"]
[WhiteElo "2184"]
[BlackElo "2269"]

1.e4 c5 2.c3 Nf6 3.e5 Nd5 4.Bc4 Nb6 5.Bb3 c4 6.Bc2 Nc6 7.Nf3 Qc7 8.Qe2 e6
9.d4 cxd3 10.Bxd3 d6 11.exd6 Bxd6 12.Nbd2 Be7 13.Ne4 e5 14.Ng3 g6 15.Bh6 f6
16.Ne4 Kf7 17.O-O Rd8 18.a4 a5 19.Be3 Kg7 20.Bb5 Be6 21.Rfd1 Nd5 22.Nc5 Bf7
23.Ne1 f5 24.f3 b6 25.Ncd3 Nxe3 26.Qxe3 Bb3 27.Rdc1 e4 28.fxe4 fxe4 29.Qxe4 Bd5
30.Qe2 Bd6 31.Nf3 Re8 32.Qd2 Rad8 33.Rf1 Be4 34.Rad1 Rf8 35.Kh1 Bxf3 36.gxf3 Rf5
37.Rf2 Rdf8 38.Bxc6 Qxc6 39.Ne1 R8f6 40.b3 b5 41.axb5 Rxb5 42.Qd4 Rxb3 43.Qa7+ Rb7
44.Qxa5 Bc5 45.Rg2 Rbf7 46.Qa2 Bb6 47.c4 h5 48.Qc2 Kh7 49.Rd5 Rf5 50.Rxf5 Rxf5
51.Re2 Rxf3 52.Re7+ Kh6 53.Qe4 Rf1+ 54.Kg2 Qf6 55.Nd3 Rg1+ 56.Kh3 Qf1+  0-1

[Event "14th Open Valle d'Aosta"]
[Site "Saint Vincent ITA"]
[Date "2006.09.30"]
[Round "1"]
[White "Gauer,Jac"]
[Black "Rotstein,A"]
[Result "0-1"]
[WhiteElo "1973"]
[BlackElo "2521"]

1.e4 c5 2.c3 Nf6 3.e5 Nd5 4.Nf3 e6 5.Bc4 d6 6.d4 cxd4 7.cxd4 Nb6 8.Bb3 dxe5
9.dxe5 Qxd1+ 10.Bxd1 Bb4+ 11.Bd2 Bxd2+ 12.Nbxd2 Bd7 13.O-O Nc6 14.a3 Ke7
15.Bb3 Rhd8 16.Ne4 Na5 17.Ba2 Nac4 18.Bxc4 Nxc4 19.Rfc1 Rac8 20.b3 Nxa3 21.Nc5 b6
22.Rxa3 Rxc5 23.Rxc5 bxc5 24.Rxa7 Ke8 25.Nd2 Bc6 26.Ra2 Rd5 27.f4 g5 28.Nc4 gxf4
29.Ra6 Rd1+ 30.Kf2 Bd5 31.Nd6+ Kf8 32.Ra7 Rd2+ 33.Ke1 Rxg2 34.Rxf7+ Kg8 35.Rxf4 Rg5
36.Nc4 Bxc4 37.bxc4 Rxe5+ 38.Kd2 Rf5 39.Re4 Kf7 40.Ke3 Kf6 41.Rg4 Re5+ 42.Kf3 Rg5
43.Re4 Rf5+ 44.Kg3 h5 45.Kg2 e5 46.Kg3 Rf1 47.Kg2 Rf4 48.Re2 Rxc4 49.Rd2 Rd4
50.Rc2 c4 51.Kf3 Kf5 52.Ke3 Rh4 53.Rf2+ Ke6 54.Rc2 Kd5 55.Rd2+ Rd4 56.Rg2 Rd3+
57.Ke2 Rh3 58.Rg8 Rxh2+ 59.Kf3 Rh3+  0-1

[Event "1st TCH-MNE"]
[Site "Herceg Novi MNE"]
[Date "2006.10.01"]
[Round "10"]
[White "Pucovski,M"]
[Black "Djukic,Ni"]
[Result "0-1"]
[WhiteElo "2367"]
[BlackElo "2507"]

1.e4 c5 2.c3 Nf6 3.e5 Nd5 4.d4 cxd4 5.Nf3 Nc6 6.Bc4 Nb6 7.Bb3 g6 8.Ng5 d5
9.exd6 e6 10.Ne4 h6 11.Qf3 f5 12.d7+ Bxd7 13.Qg3 fxe4 14.Qxg6+ Ke7 15.Nd2 Qe8
16.Qg3 Kd8 17.Nxe4 Be7 18.Bf4 Nd5 19.Bd6 Rg8 20.Bxe7+ Ncxe7 21.Qd6 Nf5 22.Qe5 Qe7
23.Bxd5 exd5 24.Qxd5 Qe6 25.Qxe6 Bxe6 26.Ng3 dxc3 27.O-O-O+ Kc7 28.bxc3 Rad8  0-1

[Event "7th Veselin Boskovic Mem Op"]
[Site "Beograd SRB"]
[Date "2006.10.02"]
[Round "1"]
[White "Kovacevic,R"]
[Black "Vratonjic,S"]
[Result "0-1"]
[WhiteElo "2087"]
[BlackElo "2467"]

1.e4 c5 2.c3 Nf6 3.e5 Nd5 4.d4 cxd4 5.Qxd4 e6 6.Nf3 Nc6 7.Qe4 Qc7 8.Bd3 f5
9.exf6 Nxf6 10.Qe3 d5 11.O-O Bd6 12.b3 O-O 13.Ba3 Bxa3 14.Nxa3 Ng4 15.Nb5 Qb8
16.Qg5 Rxf3 17.Qxg4 Rxd3 18.Qe2 Ne5 19.f4 Bd7 20.Nd4 Rxd4 21.cxd4 Nc6 22.Rad1 Qd6
23.g3 Rf8 24.Kg2 Be8 25.Rd2 Bg6 26.h3 Be4+ 27.Kh2 Qb4 28.Qe3 e5 29.dxe5 Nxe5
30.Rd4 Qb6 31.Rxe4 dxe4 32.Qxe4 Nc6 33.f5 Qd4 34.Qe6+ Kh8 35.f6 gxf6 36.Rf5 Qb2+
37.Kg1  0-1

[Event "14th Open Valle d'Aosta"]
[Site "Saint Vincent ITA"]
[Date "2006.10.02"]
[Round "3"]
[White "Gauer,Jac"]
[Black "Colas,Y"]
[Result "1-0"]
[WhiteElo "1973"]
[BlackElo "1850"]

1.e4 c5 2.c3 Nf6 3.e5 Nd5 4.Nf3 Nc6 5.Bc4 Nb6 6.Bb3 d5 7.exd6 Qxd6 8.h3 Be6
9.O-O Bxb3 10.Qxb3 e6 11.Na3 Qd3 12.Qb5 O-O-O 13.Re1 Be7 14.Qxd3 Rxd3 15.Re3 Rhd8
16.Nc2 Bf6 17.b3 h6 18.Ba3 c4 19.Bc5 Nd5 20.Rxd3 cxd3 21.Ncd4 Nxd4 22.Bxd4 a6
23.Bxf6 gxf6 24.g3 e5 25.Re1 Ne7 26.Re4 Ng6 27.Nh4 Ne7 28.f4 Nc6 29.Nf5 Kd7
30.Nxh6 Rh8 31.Ng4 Ke6 32.Nf2 f5 33.Re3 e4 34.Nxd3 Rxh3 35.Nc5+ Kd5 36.Nxb7 f6
37.c4+ Kd4 38.Nd6 Rh5 39.Ne8 Nb4 40.Nc7 Kc5 41.Ne6+ Kc6 42.Ng7 Rh8 43.Nxf5 Re8
44.d4 Nxa2 45.Kg2 Nb4 46.Re1 Nc2 47.Re2 Nb4 48.Kf2 Nd3+ 49.Ke3 Nc1 50.Rb2 Nd3
51.Ra2 Kb6 52.c5+ Ka7 53.Nd6 Re6 54.f5 Rxd6 55.cxd6 Nb4 56.Ra4 Nd5+ 57.Kxe4 Nc3+
58.Kd3 Nxa4 59.bxa4  1-0

[Event "15th TCh-CRO"]
[Site "Sibenik CRO"]
[Date "2006.10.02"]
[Round "11"]
[White "Ljubicic,F"]
[Black "Brkic,A"]
[Result "0-1"]
[WhiteElo "2417"]
[BlackElo "2547"]

1.e4 c5 2.c3 Nf6 3.e5 Nd5 4.d4 cxd4 5.Nf3 Nc6 6.Bc4 Nb6 7.Bb3 d5 8.exd6 Qxd6
9.O-O Be6 10.Bxe6 Qxe6 11.Nxd4 Nxd4 12.Qxd4 Rd8 13.Qe3 Qf5 14.a4 e6 15.Nd2 Be7
16.a5 Nc8 17.Qf3 Qxf3 18.Nxf3 a6 19.Be3 O-O 20.Rfd1 Rxd1+ 21.Rxd1 Rd8 22.Rd2 Nd6
23.Bc5 Ne4 24.Bxe7 Rxd2 25.Nxd2 Nxd2 26.f3 Nc4 27.b4 e5 28.Kf2 f5 29.Ke2 e4
30.fxe4 fxe4 31.Bc5 Kf7 32.Bd4 g6 33.Kf2 Ke6 34.Kg3 Kf5 35.Kf2 g5 36.Ke2 Kf4
37.Ba7 h5 38.Bb8+ Kf5 39.Ba7 g4 40.Bf2 Kf4 41.Bh4 Ke5 42.Bd8 Kd5 43.Bg5 Kc6
44.Kd1 Nd6 45.Kc2 Kd5 46.Kb3 Nf5 47.Kc2 Kc4 48.h3 gxh3 49.gxh3 Nd6 50.Kd2 Nb5
51.Bf6 Nc7 52.h4 Nd5 53.Bd4 Nxb4 54.Ke3 Nc6 55.Kxe4 Nxa5 56.Kf5 Nb3 57.Bf6 a5
58.Kg5 a4 59.Kxh5 a3 60.Kg6 a2 61.h5 a1=Q 62.h6 Qb1+ 63.Kg7 Nc5  0-1

[Event "WJun"]
[Site "Yerevan ARM"]
[Date "2006.10.05"]
[Round "3"]
[White "Howell,D"]
[Black "Kryvoruchko,Y"]
[Result "0-1"]
[WhiteElo "2471"]
[BlackElo "2581"]

1.e4 c5 2.c3 Nf6 3.e5 Nd5 4.d4 cxd4 5.Qxd4 e6 6.Nf3 Nc6 7.Qe4 f5 8.exf6 Nxf6
9.Qc2 e5 10.Bb5 e4 11.Nd4 Qb6 12.Qa4 a6 13.Bxc6 bxc6 14.Nd2 Qc7 15.Nc4 Kf7
16.g3 c5 17.Nc2 d6 18.Bf4 Bd7 19.Qb3 Be6 20.N2e3 Be7 21.O-O-O Rhd8 22.Rd2 Nh5
23.Nd5 Bxd5 24.Rxd5 Nxf4 25.gxf4 Rab8 26.Qc2 Kg8 27.Qxe4 Bf8 28.Rhd1 Re8
29.Qd3 Qf7 30.f5 Qh5 31.Nxd6 Bxd6 32.Rxd6 Qxh2 33.Qg3 Qxg3 34.fxg3 Re3 35.R1d3 Re1+
36.Rd1 Re3 37.R6d3 Re2 38.R1d2 Re1+ 39.Kc2 Rg1 40.Rd5 Rc8 41.R5d3 Kf7 42.Rd7+ Kf8
43.f6 Rxg3 44.Kb3 gxf6 45.Rxh7 Kg8 46.Rb7 f5 47.Rf2 Rf8 48.Rc7 f4 49.Rxc5 f3
50.Rd5 Kh7 51.Rdd2 Kg6 52.c4 Kf5 53.Rde2 Kf4 54.Kc3 Rg1 55.c5 Rc1+ 56.Rc2 Rxc2+
57.Rxc2 Ke3 58.Kb4 f2 59.Rc1 f1=Q 60.Rxf1 Rxf1 61.Ka5 Rf6  0-1

[Event "7th Veselin Boskovic Mem Op"]
[Site "Beograd SRB"]
[Date "2006.10.06"]
[Round "5"]
[White "Savic,Miod1"]
[Black "Zivkovic,S"]
[Result "1-0"]
[WhiteElo "2527"]
[BlackElo "2307"]

1.e4 c5 2.c3 Nf6 3.e5 Nd5 4.Nf3 Nc6 5.d4 cxd4 6.Bc4 Nb6 7.Bb3 g6 8.cxd4 d5
9.O-O Bg7 10.h3 O-O 11.Nc3 f6 12.Re1 Kh8 13.e6 a6 14.Bf4 Na5 15.Bc2 Nac4
16.b3 Nd6 17.a4 a5 18.h4 Ne4 19.Nb5 Ra6 20.Nc7 Ra7 21.Rc1 Na8 22.Bd3 Rg8
23.Nxd5 Bxe6 24.Nc7  1-0

[Event "56th TCh-BUL"]
[Site "Sunny Beach BUL"]
[Date "2006.10.06"]
[Round "2"]
[White "Badev,K"]
[Black "Todorov,Mo"]
[Result "1-0"]
[WhiteElo "2340"]
[BlackElo "2198"]

1.e4 c5 2.c3 Nf6 3.e5 Nd5 4.d4 cxd4 5.cxd4 d6 6.Nf3 Nc6 7.Bd3 Ndb4 8.Bc4 d5
9.Bb3 Bf5 10.O-O e6 11.a3 Na6 12.Ba4 Nb8 13.Qb3 Qc7 14.Nh4 Bg6 15.Nxg6 hxg6
16.Qd3 Be7 17.Nd2 Nd7 18.Nf3 Nb6 19.Bb3 Qd8 20.Bd2 Rc8 21.Rac1 O-O 22.g3 Nd7
23.h4 Re8 24.Kg2 Nf8 25.Rh1 f5 26.Ba2 Nh7 27.Ng1 Qb6 28.Ne2 Na5 29.b4 Nc4
30.Bxc4 dxc4 31.Rxc4 Qb5 32.Rhc1 Rc6 33.Nf4 Nf8 34.Rxc6 bxc6 35.Qxb5 cxb5
36.Rc7 g5 37.hxg5 Bxg5 38.Rxa7 Rd8 39.Rb7 Bxf4 40.Bxf4 Rd5 41.Bg5 Nd7 42.Be7  1-0

[Event "Vasylyshyn Mem"]
[Site "Lviv UKR"]
[Date "2006.10.07"]
[Round "1"]
[White "Kozakov,M"]
[Black "Zakhartsov,V"]
[Result "1/2-1/2"]
[WhiteElo "2456"]
[BlackElo "2541"]

1.e4 c5 2.c3 Nf6 3.e5 Nd5 4.Nf3 Nc6 5.d4 cxd4 6.cxd4 d6 7.Bc4 Nb6 8.Bb5 dxe5
9.Nxe5 Bd7 10.Bxc6 Bxc6 11.Nxc6 bxc6 12.O-O g6 13.Re1 Bg7 14.Bg5 Nc8 15.Qf3 O-O  1/2-1/2

[Event "14th Open Valle d'Aosta"]
[Site "Saint Vincent ITA"]
[Date "2006.10.07"]
[Round "8"]
[White "Godena,M"]
[Black "Epishin,V"]
[Result "1/2-1/2"]
[WhiteElo "2528"]
[BlackElo "2555"]

1.e4 c5 2.c3 Nf6 3.e5 Nd5 4.Nf3 Nc6 5.d4 cxd4 6.cxd4 d6 7.Bc4 Nb6 8.Bb5 dxe5
9.Nxe5 Bd7 10.Nxd7 Qxd7 11.Nc3 e6 12.O-O Be7 13.Qg4  1/2-1/2

[Event "22nd ECU Club Cup"]
[Site "Feugen AUT"]
[Date "2006.10.10"]
[Round "3"]
[White "Nisipeanu,LD"]
[Black "Fedorov,Alex"]
[Result "1/2-1/2"]
[WhiteElo "2690"]
[BlackElo "2617"]

1.e4 c5 2.c3 Nf6 3.e5 Nd5 4.d4 cxd4 5.Nf3 Nc6 6.cxd4 d6 7.Bc4 Nb6 8.Bb5 dxe5
9.Nxe5 Bd7 10.Nxd7 Qxd7 11.Nc3 e6 12.O-O Rd8 13.a4 Be7 14.a5 Nd5 15.a6 Ndb4
16.axb7 Qxb7 17.Qb3 Rd7 18.Ra4 O-O 19.Bxc6 Nxc6 20.Qxb7 Rxb7 21.d5 Nb4 22.dxe6 fxe6
23.Be3 Nd3 24.Rfa1 Rxb2 25.Rxa7 Bc5 26.Bxc5 Nxc5 27.Rc7 Nd3 28.Raa7 Rfxf2
29.Rxg7+ Kf8 30.h3 Nf4 31.Raf7+ Ke8 32.Re7+ Kf8 33.Rgf7+ Kg8 34.Rg7+ Kf8  1/2-1/2

[Event "Muensterland Open"]
[Site "Senden GER"]
[Date "2006.10.11"]
[Round "6"]
[White "Busche,K"]
[Black "Schulze,U"]
[Result "1/2-1/2"]
[WhiteElo "2155"]
[BlackElo "2304"]

1.e4 c5 2.c3 Nf6 3.e5 Nd5 4.d4 cxd4 5.Nf3 e6 6.cxd4 d6 7.a3 g6 8.Bd3 dxe5
9.dxe5 Bg7 10.O-O O-O 11.Re1 Nd7 12.Qe2 Qb6 13.Bc4 Re8  1/2-1/2

[Event "Open"]
[Site "Winterthur SUI"]
[Date "2006.10.11"]
[Round "6"]
[White "Glauser,H"]
[Black "Kurmann,O"]
[Result "0-1"]
[WhiteElo "2199"]
[BlackElo "2417"]

1.e4 c5 2.c3 Nf6 3.e5 Nd5 4.Nf3 e6 5.d4 cxd4 6.cxd4 d6 7.a3 Bd7 8.Bd3 Bc6
9.O-O Nd7 10.Qe2 Be7 11.Re1 a6 12.Bd2 Rc8 13.Nc3 Nxc3 14.Bxc3 O-O 15.Rad1 Bd5
16.Bb4 dxe5 17.Bxe7 Qxe7 18.dxe5 Rfd8 19.Be4 Nb6 20.Bxd5 Rxd5 21.Rxd5 Nxd5
22.Qd2 Qc5 23.g3 h6 24.Rd1 Qc2 25.Qxc2 Rxc2 26.Rd2 Rc1+ 27.Kg2 g5 28.h3 Kg7
29.Nd4 Kg6 30.Ne2 Re1 31.g4 h5 32.Kf3 Nb6 33.b3 Rb1 34.Rd3 h4 35.Ke4 Rb2
36.Kf3 Nd5  0-1

[Event "XI WCh-Blind"]
[Site "Goa IND"]
[Date "2006.10.12"]
[Round "4"]
[White "Schellmann,F"]
[Black "Novikovas,A"]
[Result "1-0"]
[WhiteElo "2116"]
[BlackElo "1857"]

1.e4 c5 2.c3 Nf6 3.e5 Nd5 4.d4 cxd4 5.Nf3 Nc6 6.cxd4 d6 7.Bc4 Nb6 8.Bb5 dxe5
9.Nxe5 Bd7 10.Nxd7 Nxd7 11.Nc3 g6 12.Bg5 Bg7 13.d5 Nd4 14.O-O Nxb5 15.Nxb5 O-O
16.d6 Nf6 17.Re1 exd6 18.Qxd6 Qxd6 19.Nxd6 b6 20.Rad1 h6 21.Bh4 g5 22.Bg3 Nh5
23.Be5 a5 24.Nf5 Bxe5 25.Rxe5 Kh7 26.Rd6 f6 27.Re7+ Kh8 28.Rdd7  1-0

[Event "IRT5"]
[Site "Sao Paulo BRA"]
[Date "2006.10.12"]
[Round "2"]
[White "Madeira,W"]
[Black "Brandao,E"]
[Result "1-0"]
[WhiteElo "2253"]
[BlackElo "2056"]

1.e4 c5 2.c3 Nf6 3.e5 Nd5 4.d4 e6 5.Nf3 cxd4 6.cxd4 Nc6 7.a3 h6 8.Bd3 d6
9.O-O Qb6 10.Nbd2 Nxd4 11.Nc4 Nxf3+ 12.Qxf3 Qd8 13.Re1 Be7 14.Qg3 dxe5 15.Qxg7 Bf6
16.Qg3 h5 17.Nxe5 h4 18.Qf3 Bd7 19.Nxd7 Kxd7 20.Be4 Qa5 21.b4 Qb5 22.Bxd5 Ke7
23.a4  1-0

[Event "Muensterland Open"]
[Site "Senden GER"]
[Date "2006.10.12"]
[Round "7"]
[White "Felczer,K"]
[Black "Busche,K"]
[Result "1-0"]
[WhiteElo "2239"]
[BlackElo "2155"]

1.e4 c5 2.c3 Nf6 3.e5 Nd5 4.d4 cxd4 5.Nf3 Nc6 6.Bc4 Nb6 7.Bb3 d5 8.exd6 Qxd6
9.O-O Be6 10.Bxe6 Qxe6 11.Nxd4 Nxd4 12.Qxd4 Rd8 13.Qh4 Qe2 14.Nd2 h5 15.a4 Qg4
16.Qxg4 hxg4 17.a5 Nd5 18.Nc4 e6 19.Rd1 Bc5 20.Rd3 f6 21.b4 Be7 22.Ne3 Nxe3
23.Rxd8+ Bxd8 24.Bxe3 Bc7 25.g3 a6 26.c4 Kd7 27.Rd1+ Kc8 28.Rd4 f5 29.Bg5 Be5
30.Rd3 Bf6 31.Bxf6 gxf6 32.Rd6 Re8 33.Kg2 Kc7 34.c5 Re7 35.h4 gxh3+ 36.Kxh3 Rh7+
37.Kg2 Re7 38.Kf3 Re8 39.Ke3 Re7 40.Rb6 Re8 41.Kd2 Rd8+ 42.Kc3 Re8 43.Kc4 Re7
44.b5 axb5+ 45.Kxb5 f4 46.gxf4 f5 47.a6 bxa6+ 48.Rxa6 Kb7 49.c6+ Kb8 50.Kb6 Rh7
51.c7+ Rxc7 52.Ra8+ Kxa8 53.Kxc7  1-0

[Event "Muensterland Open"]
[Site "Senden GER"]
[Date "2006.10.14"]
[Round "9"]
[White "Busche,K"]
[Black "Struk,J"]
[Result "1/2-1/2"]
[WhiteElo "2155"]
[BlackElo "2270"]

1.e4 c5 2.c3 Nf6 3.e5 Nd5 4.d4 cxd4 5.Nf3 d6 6.cxd4 Nc6 7.a3 Bg4 8.Be2 e6
9.exd6 Bxd6 10.Nc3 O-O 11.Nxd5 exd5 12.O-O Qb6 13.Bd2 Rfe8 14.Bc3 Re6 15.h3 Bh5
16.Qd2 Rae8 17.Rae1 Qc7 18.Bd1 Bf4 19.Qd3 Bg6 20.Qb5 Be4 21.Qa4 Qe7 22.Re2 Bxf3
23.Rxe6 fxe6 24.Bxf3 Qg5 25.Qd1 Bc7 26.g3 Bb6 27.Qd3 Qf6 28.Rd1 Rf8 29.Kg2 Bxd4
30.Bxd4 Nxd4 31.Qxd4 Qxf3+ 32.Kg1 b6 33.Rd3 Qe2 34.Rd2 Qe1+ 35.Kg2 Rc8 36.Rd1 Qe2
37.Rd2 Qh5 38.Qe3 Qf5 39.Rd4 Rc4 40.Rxc4 dxc4 41.Kh2 Kf7 42.g4 Qf6 43.Qd2 Qe5+
44.Kg1 h6 45.a4 Kg8 46.Qb4 Qd5 47.Kh2 Kh7 48.Kg3 Qe5+ 49.Kg2 Qd5+ 50.Kg3 Qe5+
51.Kg2 Qf4 52.Qb5 Qe4+ 53.Kg3 Qd4 54.Qb4 Kg6 55.Qb5 Qd6+ 56.Kf3 Qd5+ 57.Kg3 Kf6
58.Qb4 Qd4 59.h4 Qd3+ 60.f3 Qd4 61.Qf8+ Kg6 62.h5+ Kh7 63.Qf7 Qg1+ 64.Kh3 Qh1+
65.Kg3  1/2-1/2

[Event "FSIM October"]
[Site "Budapest HUN"]
[Date "2006.10.15"]
[Round "9"]
[White "Schneider,Ve"]
[Black "Farago,S"]
[Result "1/2-1/2"]
[WhiteElo "2195"]
[BlackElo "2275"]

1.e4 c5 2.c3 Nf6 3.e5 Nd5 4.Nf3 d6 5.d4 cxd4 6.cxd4 Nc6 7.Bc4 e6 8.O-O Be7
9.exd6 Qxd6 10.Re1 O-O 11.Nc3 Nxc3 12.bxc3 Bf6 13.Ng5 e5 14.d5 Na5 15.Bd3  1/2-1/2

[Event "10th Essent Open"]
[Site "Hoogeveen NED"]
[Date "2006.10.21"]
[Round "2"]
[White "Van de Oudeweetering,A"]
[Black "Smeets,J"]
[Result "0-1"]
[WhiteElo "2364"]
[BlackElo "2525"]

1.e4 c5 2.c3 Nf6 3.e5 Nd5 4.d4 cxd4 5.Nf3 Nc6 6.Bc4 Nb6 7.Bb3 d5 8.exd6 Qxd6
9.O-O Be6 10.Na3 dxc3 11.Qe2 Bxb3 12.Nb5 Qb8 13.axb3 e6 14.g3 Qc8 15.Ng5 c2
16.Qh5 g6 17.Qf3 Qd7 18.Qc3 e5 19.Qxc2 Nb4 20.Qe2 f6 21.Ne4 Kf7 22.Rd1 Qc6
23.Nbd6+ Kg7 24.Be3 N6d5 25.Rac1 Qa6 26.Nb5 Be7 27.Nc5 Qc6 28.Ne4 Qe6 29.Nc7 Nxc7
30.Rxc7 Rhd8 31.Rxb7 Nc6 32.Rc1 Rac8 33.Qa6 Kf8 34.Bc5 Rd7 35.Bxe7+ Kxe7
36.Nc5 Nd4 37.Rxd7+ Qxd7 38.Nxd7 Rxc1+ 39.Kg2 Kxd7 40.Qxa7+  0-1

[Event "10th Essent Open"]
[Site "Hoogeveen NED"]
[Date "2006.10.22"]
[Round "3"]
[White "Mamedjarova,T"]
[Black "Rogers,I"]
[Result "0-1"]
[WhiteElo "2274"]
[BlackElo "2526"]

1.e4 c5 2.c3 Nf6 3.e5 Nd5 4.d4 cxd4 5.Qxd4 e6 6.Nf3 Nc6 7.Qe4 f5 8.exf6 Nxf6
9.Qh4 e5 10.Bg5 d5 11.Bb5 Bd6 12.O-O O-O 13.h3 Ne7 14.Qa4 h6 15.Bxf6 Rxf6
16.Be2 Ng6 17.Nh2 Nf4 18.Bg4 Rg6 19.g3 Nxh3+ 20.Bxh3 Bxh3 21.Qb5 Be6 22.Rd1 Qb6
23.Qxb6 axb6 24.Nd2 b5 25.Re1 b4 26.Nhf3 e4 27.Nd4 Bd7 28.c4 Be5 29.N2b3 dxc4
30.Rxe4 Bxg3 31.fxg3 cxb3 32.Kh2 bxa2  0-1

[Event "10th Essent Open"]
[Site "Hoogeveen NED"]
[Date "2006.10.23"]
[Round "4"]
[White "Van de Oudeweetering,A"]
[Black "Dvoirys,S"]
[Result "0-1"]
[WhiteElo "2364"]
[BlackElo "2553"]

1.e4 c5 2.c3 Nf6 3.e5 Nd5 4.d4 cxd4 5.Nf3 Nc6 6.Bc4 Nb6 7.Bb3 d5 8.exd6 Qxd6
9.O-O Be6 10.Na3 a6 11.Bxe6 Qxe6 12.Nxd4 Nxd4 13.Qxd4 Rd8 14.Qh4 Qc6 15.Nc2 e5
16.Qh5 Nd7 17.Bg5 g6 18.Qg4 f6 19.Be3 f5 20.Qe2 Be7 21.Rad1 O-O 22.f3 Rfe8
23.Bf2 Bc5 24.Kh1 Bf8 25.Rd2 Rc8 26.Rfd1 Nf6 27.Ne3 e4 28.f4 Qe6 29.a3 Bc5
30.Kg1 Rc6 31.g3 Qb3 32.h3 a5 33.Kg2 a4 34.Bg1 Rcc8 35.Bf2 Qe6 36.Qb5 Qc6
37.Qxc6 Rxc6 38.Kf1 Kf8 39.Ke2 Kf7 40.Bg1 Ke6 41.Nc2 Bxg1 42.Rxg1 Rd6 43.Rxd6+ Kxd6
44.Rd1+ Kc5 45.Ne3 b5 46.c4 Rb8 47.cxb5 Rxb5 48.Rc1+ Kd6 49.Nd1 Nd5 50.Rc4 Rb3
51.g4 Nxf4+ 52.Kd2 Rd3+ 53.Kc2 Rxh3 54.gxf5 gxf5 55.Rxa4 Nd5 56.Ra6+ Kc7
57.Re6 Kd7 58.Re5 Ne7 59.a4 Kd6 60.Rb5 Nc6 61.Kd2 Nd4 62.Rb8 Ke5 63.Re8+ Kf4
64.a5 Rd3+ 65.Ke1 Nf3+  0-1

[Event "10th Essent Open"]
[Site "Hoogeveen NED"]
[Date "2006.10.23"]
[Round "4"]
[White "Kuipers,S"]
[Black "Willemze,J"]
[Result "0-1"]
[WhiteElo "2252"]
[BlackElo "2423"]

1.e4 c5 2.c3 Nf6 3.e5 Nd5 4.d4 cxd4 5.cxd4 e6 6.Nc3 Nxc3 7.bxc3 d6 8.Nf3 Qc7
9.Bd2 Nd7 10.Bb5 a6 11.Ba4 dxe5 12.Nxe5 Bd6 13.f4 b5 14.Bb3 O-O 15.O-O Bb7
16.h3 Nf6 17.Qe1 Ne4 18.Rc1 Qd8 19.Bc2 f5 20.Bb3 Rf6 21.Be3 Qe8 22.c4 bxc4
23.Nxc4 Rg6 24.Rc2 Rc8 25.Rb2 Qe7 26.Nb6 Rc3 27.Na4 Rc7 28.Nc5 Nxc5 29.dxc5 Bxc5
30.Bxc5 Qxc5+ 31.Kh2 Be4 32.Qd1 h6 33.Qd8+ Kh7 34.Qh4 Qc3 35.Rbf2 Rd7 36.Bd1 Rd2
37.g4 e5 38.Rxd2 Qxd2+ 39.Qf2 Rd6 40.Kg1 Qxf2+ 41.Kxf2 exf4 42.Ke1 g5 43.Rf2 Rd3
44.Rh2 Kg7 45.Be2 Re3 46.Kd2 a5 47.Bd1 Bf3  0-1

[Event "14th Chigorin Mem B"]
[Site "St-Petersburg RUS"]
[Date "2006.10.23"]
[Round "1"]
[White "Melnikov,N1"]
[Black "Krasnov,Vas"]
[Result "1-0"]
[WhiteElo "1820"]
[BlackElo "2172"]

1.e4 c5 2.c3 Nf6 3.e5 Nd5 4.d4 cxd4 5.cxd4 e6 6.Nc3 Nxc3 7.bxc3 Qc7 8.Bd2 d6
9.f4 Nc6 10.Nf3 Be7 11.Bd3 g6 12.Qc2 d5 13.h4 Bd7 14.h5 O-O-O 15.Ng5 Bxg5
16.fxg5 Kb8 17.h6 Rc8 18.Qb2 Na5 19.O-O Bc6 20.Qb4 Rhd8 21.Rab1 Ka8 22.Rfc1 b6
23.Ba6 Bb7 24.Bd3 Nc4 25.Bxc4 dxc4 26.Rf1 Be4 27.Rbe1 Bd3 28.Rf2 Rd5 29.Re3 a5
30.Qa3 Kb7 31.Ref3 Rd7 32.Qa4 Rcd8 33.Be1 Ka6 34.Rb2 Rd5 35.Rbf2 b5 36.Qa3 R5d7
37.Bd2 Bf5 38.Rf4 Qb7 39.Qb2 Rb8 40.a3 Qc7 41.Kh1 Rb7 42.Kg1 Qc6 43.Kf1 Rdc7
44.Kg1 Qd5 45.Kh2 Qd8 46.R4f3 Rd7 47.Bc1 Be4 48.Rg3 Qb6 49.Qd2 Rbc7 50.Qf4 Qc6
51.Re3 Bf5 52.Qf3 Qd5 53.Qxd5 exd5 54.Rfe2 Rc6 55.Rf2 Rb7 56.Rb2 b4 57.axb4 axb4
58.Ra2+ Kb5 59.cxb4 c3 60.Ra5+ Kxb4 61.Rxd5 Kc4 62.Rc5+ Rxc5 63.dxc5 Rb1
64.Re1 Kxc5 65.Kg3 Kc4 66.Kf4 Kd3 67.g4 Be6 68.Re3+ Kc2 69.Ba3 Rf1+ 70.Ke4 Rg1
71.Kd4 Rxg4+ 72.Kc5 Kb3 73.Bc1 Rc4+ 74.Kd6 Rd4+ 75.Ke7 Rd1 76.Ba3 Rg1 77.Kf6 Kc4
78.Re4+ Kd3 79.Rf4 c2 80.Kg7 Rxg5 81.Kxh7 Rg1 82.Kg7 g5 83.Rxf7 Rh1 84.Rf6 Bd5
85.h7 c1=Q 86.Bxc1 Rxc1 87.h8=Q Rc7+ 88.Kg6 Be4+ 89.Kxg5 Rh7 90.Qxh7  1-0

[Event "10th Essent Open"]
[Site "Hoogeveen NED"]
[Date "2006.10.24"]
[Round "5"]
[White "Smerdon,D"]
[Black "Clemens,A"]
[Result "1-0"]
[WhiteElo "2473"]
[BlackElo "2323"]

1.e4 c5 2.c3 Nf6 3.e5 Nd5 4.Nf3 e6 5.d4 cxd4 6.cxd4 d6 7.Bc4 Nc6 8.Qe2 Be7
9.O-O O-O 10.Nc3 Nxc3 11.bxc3 dxe5 12.dxe5 Qa5 13.Rb1 Qxc3 14.Rd1 Qa5 15.Qe4 Qa4
16.Bg5 h6 17.Bxe7 Nxe7 18.Rd4 Nf5 19.Qxf5 exf5 20.Bxf7+ Rxf7 21.Rxa4 Bd7
22.Rd4 Rc8 23.Rd6 Bc6 24.Nd4 Be4 25.Rd1 Rfc7 26.f3 Rc1 27.Rxc1 Rxc1+ 28.Kf2 Bc6
29.e6 Kf8 30.Nxf5 Rc2+ 31.Kg3 g5 32.Rd8+ Be8 33.Rb8 Rc6 34.Rxb7 Rxe6 35.Rxa7 Bb5
36.Nd4 Rb6 37.Nxb5 Rxb5 38.h4  1-0

[Event "14th Chigorin Mem"]
[Site "St-Petersburg RUS"]
[Date "2006.10.24"]
[Round "2"]
[White "Rjabzev,K"]
[Black "Demianjuk,A"]
[Result "1-0"]
[WhiteElo "2406"]
[BlackElo "2345"]

1.e4 c5 2.c3 Nf6 3.e5 Nd5 4.d4 cxd4 5.cxd4 Nc6 6.Nf3 d6 7.exd6 e6 8.Bd3 Bxd6
9.O-O O-O 10.Nc3 Nxc3 11.bxc3 Be7 12.Re1 b6 13.h4 Bxh4 14.Nxh4 Qxh4 15.Re3 g6
16.Rg3 Qe7 17.Bh6 Bb7 18.Bxf8 Rxf8 19.Qh5 Rc8 20.Qh6 Qf8 21.Qxf8+ Kxf8 22.Be4 Na5
23.Bxb7 Nxb7 24.a4 Ke7 25.Kf1 Nd6 26.Re3 Nc4 27.Rh3 h5 28.Ke2 Rd8 29.Kd3 Ne5+
30.Kc2 Nc6 31.Rb1 Rc8 32.Kd3 Na5 33.Rhh1 Kd6 34.Rhc1 Nc6 35.c4 e5 36.c5+ bxc5
37.dxc5+ Kd5 38.Rb7 e4+ 39.Ke3 f5 40.Rd7+ Ke5 41.Rcd1 f4+ 42.Ke2 Nb4 43.Re7+ Kf5
44.Rd4 a5 45.Rexe4 Rxc5 46.Rxf4+ Ke5 47.Rc4 Rd5 48.Rf8 Nd3 49.Ke3 Nc5 50.Rc8 Ne6
51.R8c6 Kf5 52.Rb6 Re5+ 53.Kd2 Rd5+ 54.Kc2 Nd4+ 55.Kc3 Ne2+ 56.Kb2 Nd4 57.Kc3 Ne2+
58.Kc2 Nd4+ 59.Kd3 Ne6+ 60.Kc3 Re5 61.Kd2 Rd5+ 62.Kc3 Nc5 63.Kc2 Ne4 64.Rb5 Ke5
65.f4+  1-0

[Event "14th Chigorin Mem"]
[Site "St-Petersburg RUS"]
[Date "2006.10.24"]
[Round "2"]
[White "Sirotine,K"]
[Black "Polschikov,A"]
[Result "1-0"]
[WhiteElo "2388"]
[BlackElo "2311"]

1.e4 c5 2.c3 Nf6 3.e5 Nd5 4.d4 cxd4 5.Nf3 d6 6.cxd4 Nc6 7.Bc4 Nb6 8.Bb5 d5
9.O-O Bf5 10.Nh4 Bd7 11.Nc3 e6 12.Nf3 Nc8 13.Bd3 Be7 14.a3 a6 15.Re1 N8a7
16.Ne2 Nb5 17.Ng3 g6 18.Be3 Na5 19.Rc1 h5 20.Nf1 Kf8 21.N1d2 Kg7 22.h4 Qb6
23.Ng5 Nc6 24.Nb3 Nd8 25.Qf3 Be8 26.Nc5 Na7 27.b4 Rc8 28.Nh3 Rc6 29.Bg5 Qc7
30.Bf6+ Bxf6 31.Qxf6+ Kg8 32.Ng5 Nc8 33.b5 axb5 34.Bxb5 Ne7 35.a4 Nf5 36.Bxc6 Bxc6
37.Nxb7  1-0

[Event "14th Chigorin Mem"]
[Site "St-Petersburg RUS"]
[Date "2006.10.24"]
[Round "2"]
[White "Deviatkin,A"]
[Black "Shuraev,A"]
[Result "1/2-1/2"]
[WhiteElo "2537"]
[BlackElo "2392"]

1.e4 c5 2.c3 Nf6 3.e5 Nd5 4.d4 cxd4 5.Qxd4 e6 6.Nf3 Nc6 7.Qe4 f5 8.Qe2 Qc7
9.g3 d6 10.exd6 Bxd6 11.Bg2 O-O 12.O-O Nf6 13.Nd4 Nxd4 14.cxd4 Bd7 15.Nc3 a6
16.Bd2 Rae8 17.Rfc1 Qb8 18.Qd3 e5 19.dxe5 Bxe5 20.Nd5 Nxd5 21.Bxd5+ Kh8 22.Bc3 Bb5
23.Qc2 f4 24.Re1 fxg3 25.hxg3 Bxc3 26.bxc3 Qc7 27.c4 Bc6 28.Qd2 Qd6 29.Rad1 Qf6
30.Rxe8 Rxe8 31.Bxc6 Qxc6 32.Qd5 Qxd5 33.Rxd5 Kg8 34.Rd7  1/2-1/2

[Event "10th Essent Open"]
[Site "Hoogeveen NED"]
[Date "2006.10.25"]
[Round "6"]
[White "Van Beek,Al"]
[Black "Ikonnikov,Vy"]
[Result "1/2-1/2"]
[WhiteElo "2379"]
[BlackElo "2587"]

1.e4 c5 2.c3 Nf6 3.e5 Nd5 4.d4 cxd4 5.Nf3 e6 6.cxd4 d6 7.Bc4 Nc6 8.O-O Be7
9.Qe2 O-O 10.Rd1 Na5 11.b3 b6 12.Bxd5 exd5 13.Nc3 Be6 14.Ba3 a6 15.Rac1 b5
16.exd6 Bxd6 17.Bxd6 Qxd6 18.Ne5 f6 19.Nd3 Bf7 20.Qd2 Qb6 21.Ne2 Rfe8 22.Nb4 Rad8
23.Rc5 Qd6 24.Ng3 Qe6 25.f3 Nb7 26.Rc6 Rd6 27.Rdc1 a5 28.Rxd6 Qxd6 29.Nd3 Qb6
30.Nf4 b4 31.Kf2 g6 32.Nf1 g5 33.Ne2 Nd6 34.Ne3 Rc8 35.Rxc8+ Nxc8 36.Qc2 Nd6
37.Qc5 Qxc5 38.dxc5 Nb5 39.Nf5 Kf8 40.Ke3 Bg6 41.Nd6 Nxd6 42.cxd6 Bb1 43.Nc1 Kf7
44.Kd4 Ke6 45.d7 Kxd7 46.Kxd5 h5 47.g3 h4 48.gxh4 gxh4 49.Kc5 Ke6 50.Kb5 Ke5
51.Kxa5 Kf4 52.Kxb4 Kxf3 53.Kc3 f5 54.Kd2 f4 55.a4 Kg2 56.Ne2 f3 57.Nf4+ Kxh2
58.Ke3 Kg3 59.Nh5+ Kg4 60.Nf6+ Kf5 61.Kxf3 Bc2 62.Nd7 Bxb3 63.Kg2 Be6 64.Nc5 Bc8
65.a5 Ke5 66.a6 Bxa6 67.Nxa6  1/2-1/2